00273 2200133 4500001002100000005001500021035002000036245001900056300001200075260002000087082000800107084001200115990001200127INLIS00000000000202720250527085721 a0010-0525000319 aDeddy ( Ayah ) a516 hlm bGramedia,c2005 a813 a813 DED a0712673